Bird diversity in the Sepilok virgin jungle reserve : a comparison of census techniques

Bibliographic Details
Main Author: GONNER
Format: Book
Published: (Germany : University of Konstanz , 19--)
Subjects:

MARC

LEADER 00000cam a2200000 7i4500
001 0000002810
005 20040115.0
090 0 0 |a 598.095983   |b GON (19--) 
100 1 0 |a GONNER   |h Christian 
245 1 0 |a Bird diversity in the Sepilok virgin jungle reserve :   |b a comparison of census techniques   |c by Christian Gonner 
260 0 0 |a (Germany :   |b University of Konstanz ,   |c 19--) 
300 |a 24 p. :   |b ill. ;   |c 30 cm. 
500 0 0 |a Bibliography : p. 21-24 
650 0 0 |a Birds   |z Borneo 
650 0 0 |a Birds   |z Borneo   |x Identification 
650 0 0 |a Birds   |z Sabah   |x Identification 
998 |a JPSM 
999 |a 0000004460   |b Monograph   |c Open Shelf   |e Default branch 
999 |a 0000004552   |b Monograph   |c Open Shelf   |e Default branch